Легендата (Запис номер 164466)
[ съкратено ]
| 000 -Лидер | |
|---|---|
| Контролно поле с фиксирана дължина | 01525nam a2200373 c 4500 |
| 003 - Код на организацията, давaща контролен номер | |
| Контролно поле | BLK |
| 005 - Дата и час на последна редакция | |
| Контролно поле | 20240914143418.0 |
| 008 - Елементи от данни с фиксирана дължина | |
| fixed length control field | 180410b bul|||||r ||||||| ||bul|| |
| 010 ## - Наследен системен номер | |
| LC control number | KNG00171978000 |
| 020 ## - Международен стандартен номер на книга ISBN | |
| Международен стандартен номер на книга ISBN | 978-954-26-1365-7 |
| -- | издат.: Хермес - на том(кн. 2) |
| 040 ## - Източник на каталожния запис | |
| Идентификатор на билиотеката - собственик на записа | BLK |
| 041 ## - Код за език | |
| Код за езика на текст/звукозапис или на отделно заглавие | Български |
| Код за езика КДБФ | Български |
| 072 #7 - Код за тематичната категория | |
| Код организация | bullib |
| Код за тематична категория | Н8302 |
| Текст | Фантастика Н |
| 080 ## - УДК | |
| Текстов определител УДК | Американска литература (на САЩ) |
| УДК код - определител по УДК | 821.111(73) |
| УДК определител | -312.9 |
| УДК - код + определител | 821.111(73)-312.9 |
| 100 1# - Редна дума - Автор | |
| Автор | Лу, Мари |
| Авторска отговорност | първи автор |
| R(LIN) | 330894 |
| 139 ## - Редно поле | |
| Редна дума | Лу, Мари |
| Авторски знак | Лу - Л 85 |
| 245 10 - Сведения за заглавието | |
| Заглавие | Легендата |
| Подзаглавни данни | Роман : Кн. 1 - |
| Редно поле (дума) | Мари Лу; прев. от англ. Иван Йорданов Костурков. |
| Том | Кн. 2 |
| Заглавие на том | Феноменът |
| 257 ## - Страна на издаване | |
| Страна на създаване/издаване | Съединени американски щати |
| 260 ## - Област на издателските данни | |
| -- | Пловдив |
| Година на издаване | 2014 - |
| Печатница | Хасково : Полиграфюг |
| 300 ## - Физическа характеристика | |
| Размери/Мащаб | 20 см |
| 380 ## - Жанр | |
| Жанр | Худож. лит. |
| 500 ## - Общи забележки | |
| Забележка | Кн. 2 от трилогията Легендата. |
| 653 ## - Ключова дума – ненормативна | |
| Ключова дума | фантастика |
| 653 ## - Ключова дума – ненормативна | |
| Ключова дума | романи |
| 659 ## - Тематичен бюлетин | |
| Тематичен бюлетин | Н |
| 700 ## - Други автори (авторска отговорност) | |
| Лично име | Костурков, Иван Йорданов |
| Дати, свързани с автора | 1985- |
| 9 (RLIN) | 383208 |
| 760 1# - Описание на основната серия | |
| -- | - на том(кн. 2) |
| Редна дума на основното описание | Лу, Мари |
| Място на издаване, издател и година | Хермес, 2014 |
| Страници - том | 336 с. |
| Забележка - том | Ориг. загл. Prodigy / Marie Lu. |
| Заглавие | Кн. 2 Феноменът |
| 852 ## - Местоположение | |
| Форматна сигнатура | Цб 268072 |
| 856 4# - Електронен адрес и достъп | |
| Електронен формат | pdf - файл |
| Път до файла /url/ | |
| 856 4# - Електронен адрес и достъп | |
| Електронен формат | pdf - файл |
| Път до файла /url/ | |
| 942 ## - АРТИКУЛИ | |
| Вид на библиотечния материал | Книги |
| Скрит в OPAC | Не |
| Koha issues (borrowed), all copies | 13 |
| 944 ## - СЪЗДАВАНЕ И РЕДАКЦИЯ на ЗАПИСА | |
| Създаване/Редакция | Създаване |
| Дата на регистрацията/редакция | 23.02.2015 |
| Статус, дата на статуса | Моника Янева |
| Служител, извършил регистрацията/редакцията | 30570 |
| 944 ## - СЪЗДАВАНЕ И РЕДАКЦИЯ на ЗАПИСА | |
| Създаване/Редакция | Редакция |
| Дата на регистрацията/редакция | 25.09.2015 |
| Статус, дата на статуса | ф / |
| Служител, извършил регистрацията/редакцията | Пенка_Димитрова |
| 999 ## - СИСТЕМНИ КОНТРОЛНИ НОМЕРА | |
| Koha biblionumber | 164466 |
| Koha biblioitemnumber | 164466 |
| Код за отписване | Код за изгубен артикул | Код за повреда | Коз за рестрикции | Код за отдаване | Артикулен № | Име на библиотеката - собственик | Име на библиотеката, в която се намира в момента | Статус (Текущо местоположение) | Дата на вписване в системата | Местоположение - отдел | Цена в лева | Инвентарен номер | Систематично азбучна сигнатура | Баркод | Номер на екземпляра | Цена в евро | Служебна бележка | Служебен тип на артикула |
|---|---|---|---|---|---|---|---|---|---|---|---|---|---|---|---|---|---|---|
| Не е изгубен | Не е повреден | без рестрикции | заемане за дома | 276472 | Регионална библиотека "Любен Каравелов" Русе | Регионална библиотека "Любен Каравелов" Русе | Заемна - подръчен фонд | 2015-02-25 | Заемна - подръчен фонд | 13.95 | 120000785820 | П 820(73)-31/Л 85 | 120000785820 | 1 | 7.13 | Дост: Pk Вид: Ф N: 426 Дата: 23.02.2015 Дата инв: 13.02.2018 Бележки инв: П2018 | Книги | |
| Не е изгубен | Не е повреден | без рестрикции | заемане за дома | 276473 | Регионална библиотека "Любен Каравелов" Русе | Регионална библиотека "Любен Каравелов" Русе | Заемна - подръчен фонд | 2015-03-31 | Заемна - подръчен фонд | 9.06 | 120000786799 | П 820(73)-31/Л 85 | 120000786799 | 2 | 4.63 | Дост: Pk Вид: Ф N: 480 Дата: 20.03.2015 Дата инв: 13.02.2018 Бележки инв: П2018 | Книги | |
| Не е изгубен | Не е повреден | без рестрикции | ползва се в читалня | 276474 | Регионална библиотека "Любен Каравелов" Русе | Регионална библиотека "Любен Каравелов" Русе | Хранилище | 2015-09-24 | Хранилище | 13.95 | 120000792967 | Цб 268072 | 120000792967 | 3 | 7.13 | Дост: Dp Вид: Д N: 29 Дата: 01.07.2015 | Книги |